Shopping centre and high street bulletin (Record no. 119363)

MARC details
000 -LEADER
fixed length control field 01112cas a2200253 4500
001 - CONTROL NUMBER
control field L153753
008 - FIXED-LENGTH DATA ELEMENTS--GENERAL INFORMATION
fixed length control field 110824c2009 eng u
035 ## - SYSTEM CONTROL NUMBER
System control number (Sirsi) u153753
041 0# - LANGUAGE CODE
Language code of text/sound track or separate title eng
050 ## - LIBRARY OF CONGRESS CALL NUMBER
Classification number 333.33 $2 18
110 2# - MAIN ENTRY--CORPORATE NAME
Corporate name or jurisdiction name as entry element Savills
9 (RLIN) 2020
245 00 - TITLE STATEMENT
Title Shopping centre and high street bulletin
Medium [electronic resource]
260 ## - PUBLICATION, DISTRIBUTION, ETC.
Place of publication, distribution, etc. London
Name of publisher, distributor, etc. Savills
Date of publication, distribution, etc. 2009-
362 0# - DATES OF PUBLICATION AND/OR SEQUENTIAL DESIGNATION
Dates of publication and/or sequential designation October 2009-
490 #0 - SERIES STATEMENT
Series statement Savills Shopping Centre and High Street Bulletin
Volume/sequential designation October 2009-
520 ## - SUMMARY, ETC.
Summary, etc. Provides an analysis of the UK shopping centre and high street retail property sector covering both retailers and investors.
554 ## -
-- Four per year
650 24 - SUBJECT ADDED ENTRY--TOPICAL TERM
Topical term or geographic name entry element SAVILLS SHOPPING CENTRE AND HIGH STREET BULLETIN
651 #4 - SUBJECT ADDED ENTRY--GEOGRAPHIC NAME
Geographic name United Kingdom
Chronological subdivision
690 ## - LOCAL SUBJECT ADDED ENTRY--TOPICAL TERM (OCLC, RLIN)
Topical term or geographic name as entry element PROPERTY-COMMERCIAL PROPERTY-COMMERCIAL PROPERTY FINANCE AND INVESTMENT
690 ## - LOCAL SUBJECT ADDED ENTRY--TOPICAL TERM (OCLC, RLIN)
Topical term or geographic name as entry element PROPERTY-COMMERCIAL PROPERTY-COMMERCIAL PROPERTY MARKET
856 40 - ELECTRONIC LOCATION AND ACCESS
Uniform Resource Identifier <a href="https://www.savills.com/research/uk-research.aspx">https://www.savills.com/research/uk-research.aspx</a>
Public note View the report free of charge (type shopping centre and highlight United Kingdom in the Find a report box) at www.savills.com
942 ## - ADDED ENTRY ELEMENTS (KOHA)
Suppress in OPAC 0
Holdings
Withdrawn status Lost status Source of classification or shelving scheme Damaged status Not for loan Home library Current library Shelving location Date acquired Total Checkouts Full call number Barcode Date last seen Copy number Price effective from Koha item type
    Dewey Decimal Classification     Virtual Virtual Online 24/08/2011   ONLINE PUBLICATION 153753-2001 06/08/2019 1 06/08/2019 Book